000 00913cam a2200133 4500500
005 20260329032201.0
041 _afre
042 _adc
100 1 0 _aWilk, Eric
_eauthor
245 0 0 _aArchiCAD : De la prise en main jusqu'au traceur
260 _bDunod,
_c2005.
520 _aArchicad est un logiciel d'architecture, qui talonne Autocad, actuellement leader. L'auteur s'inspire de son expérience d'enseignant et de formateur pour présenter logiquement et pratiquement Archicad. Cet ouvrage permet ainsi une prise en main progressive et complète. Chaque notion est expliquée avant d'être appliquée à des exemples concrets, issus de cas réels. Un manuel exhaustif qui couvre toutes les étapes de l'utilisation d'Archicad : de la prise en main à l'impression des plans sur traceur ou imprimante.
856 4 1 _uhttps://stm.cairn.info/archicad--9782100495276?lang=fr&redirect-ssocas=7080
999 _c1952127
_d1952127